| 000 | 03226cam a22007094i 4500 | ||
|---|---|---|---|
| 003 | PE-LiUPU | ||
| 005 | 20250731180103.0 | ||
| 008 | 150617s1992 mx a rb 001 0 spa d | ||
| 020 | _a9682517486 | ||
| 035 | _a(Sirsi) i9789682517488 | ||
| 040 |
_aPE-LiUPU _bspa _cPE-LiUPU _erda |
||
| 041 | 1 |
_aspa _heng |
|
| 049 | _aPRUA | ||
| 082 | 0 | 4 |
_a574 _bV67 _221 |
| 100 | 1 |
_aVillee, Claude A., _eautor. |
|
| 245 | 1 | 0 |
_aBiología / _cClaude A. Villee, Charles E. Martin, Diana W. Martin, Eldra Pearl Solomon. |
| 250 | _aSegunda edición. | ||
| 264 | 1 |
_aMéxico : _bInteramericana, _c1992. |
|
| 300 |
_axvi, 1404 páginas : _bilustraciones ; _c28 centímetros |
||
| 336 |
_atext _2rdacontent |
||
| 337 |
_aunmediated _2rdamedia |
||
| 338 |
_avolume _2rdacarrier |
||
| 504 | _aBibliografía al final de cada capítulo. | ||
| 504 | _aÍndice : páginas 1385-1404. | ||
| 505 | 0 | _aOrganización de la vida -- Energía en los seres vivos -- Genética -- Evolución -- Diversidad de la vida -- Estructuras y procesos vivos en las plantas -- Estructuras y procesos vivos de vida en los animales -- Ecología. | |
| 526 | _aSEG44 | ||
| 526 | _aSEG26 | ||
| 526 | _aP159 | ||
| 526 | _aP155 | ||
| 526 | _aP154 | ||
| 526 | _aP153 | ||
| 526 | _aP150 | ||
| 526 | _aP100 | ||
| 526 | _aP31 | ||
| 526 | _aP30 | ||
| 526 | _aP26 | ||
| 526 | _aP25 | ||
| 526 | _aP24 | ||
| 526 | _aP22 | ||
| 526 | _aP15 | ||
| 526 | _aP10 | ||
| 534 |
_pTítulo original : _tBiology. |
||
| 650 | 0 | 4 | _aBiología. |
| 700 | 1 |
_aMartin, Charles E., _eautor. |
|
| 700 | 1 |
_aMartin, Diana W., _eautor. |
|
| 700 | 1 |
_aPearl Solomon, Eldra, _eautor. |
|
| 910 |
_ajck _bjvq _cjck _d20150616 |
||
| 942 |
_2ddc _cBOOK |
||
| 949 |
_a574. V67 1992 _wDEWEY _c1 _i35274 _d2016-4-19 _e2016-4-19 _lCCODEBUL1 _mBUL _n3 _r0 _sY _tBOOK _u2015-6-17 _xSALUD _zUNKNOWN _0COMPRA _o.STAFF. Colección General |
||
| 949 |
_a574. V67 1992 _wDEWEY _c2 _i35273 _d2015-9-28 _e2015-9-27 _lCCODEBUL1 _mBUL _n2 _r0 _sY _tBOOK _u2015-6-17 _xSALUD _zUNKNOWN _0COMPRA _o.STAFF. Colección General |
||
| 949 |
_a574. V67 1992 _wDEWEY _c1 _iFJ05956 _lCCODEBUJ1 _mBUJ _p45.00 _r0 _sY _tBOOK _u2016-09-20 _xSALUD _PP22 _0COMPRA _o.STAFF -- Colección General Juliaca |
||
| 949 |
_a574. V67 1992 _wDEWEY _c2 _iFJ05957 _lCCODEBUJ1 _mBUJ _p45.00 _r0 _sY _tBOOK _u2016-09-20 _xSALUD _PP22 _0COMPRA _o.STAFF -- Colección General Juliaca |
||
| 994 |
_aC0 _bPEPRU |
||
| 596 | _a1 3 | ||
| 999 |
_a574 V67 1992 _wDEWEY _c17451 _i35274 _d17451 _e2019-6-17 _f2019-12-10 _g4 _lDISCARD _mBUL _n7 _q5 _r1 _sY _tBOOK _u2015-6-17 _xSALUD _zUNKNOWN _0COMPRA _o.STAFF. Colección General |
||
| 999 |
_a574 V67 1992 _wDEWEY _c2 _i35273 _d2019-7-2 _e2019-5-3 _f2021-11-5 _g5 _lCCODEBUL1 _mBUL _n8 _q10 _r0 _sY _tBOOK _u2015-6-17 _xBIBLIOTECA _PP22 _0COMPRA _o.STAFF. Colección General |
||
| 999 |
_a574. V67 1992 _wDEWEY _c1 _iFJ05956 _f2022-1-25 _g4 _lCCODEBUJ1 _mBUJ _p45.00 _r0 _sY _tBOOK _u2017-1-25 _xSALUD _PP22 _0COMPRA _o.STAFF. Colección General Juliaca |
||
| 999 |
_a574. V67 1992 _wDEWEY _c2 _iFJ05957 _d2019-11-26 _f2022-1-25 _g4 _lCCODEBUJ1 _mBUJ _q3 _r0 _sY _tBOOK _u2017-1-25 _xBIBLIOTECA _zUNKNOWN _0COMPRA _o.STAFF. Colección General Juliaca |
||
| 980 |
_81 _gALBERTO SANCHEZ Responsable de Automatización |
||